[Event "Camp. cinese fem."]
[Site "Pechino CINA"]
[Date "2008.05.29"]
[Round "1"]
[White "Tan Zhongyi"]
[Black "Ju Wenjun"]
[Result "0-1"]
[WhiteElo "2353"]
[BlackElo "2374"]
[PlyCount "58"]
[EventDate "2008.05.29"]
[Source "www.chesslib.no"]
[SourceDate "2004.05.04"]

1. d4 Nf6 2. c4 g6 3. Nc3 Bg7 4. e4 d6 5. Be2 O-O 6. Be3 Nbd7 7. Qd2 c5 8. d5 Qa5 9. h4 b5 10. cxb5 a6 11. h5 axb5 12. f3 Ba6 13. Bh6 b4 14. Nd1 Bxh6 15. Qxh6 Ne5 16. hxg6 fxg6 17. f4 Nf7 18. Qh4 h6 19. e5 b3+ 20. Nc3 Nxd5 21. Qg4 Kg7 22. Rh3 dxe5 23. f5 Ng5 24. Rg3 Rxf5 25. Nh3 Raf8 26. a3 Nxc3 27. Rxc3 Rf1+ 28. Bxf1 Rxf1+ 29. Kd2 Qd8+ 0-1

[Event "BRA Ch"]
[Site "Curitiba"]
[Date "1992.12.??"]
[Round "5"]
[White "Lima, Darcy"]
[Black "Madeira, Wagner M"]
[Result "1-0"]
[WhiteElo "2440"]
[BlackElo "2285"]
[PlyCount "53"]
[EventDate "1992.??.??"]
[Source "www.chesslib.no"]
[SourceDate "2004.05.04"]

1. d4 Nf6 2. c4 g6 3. Nc3 Bg7 4. e4 d6 5. Be2 O-O 6. Be3 c5 7. e5 Nfd7 8. exd6 exd6 9. Nf3 Nc6 10. Qd2 cxd4 11. Nxd4 Nxd4 12. Bxd4 Ne5 13. O-O Be6 14. b3 f5 15. f4 Nc6 16. Bxg7 Kxg7 17. Rad1 Qb6+ 18. Kh1 Rad8 19. Bf3 Rd7 20. Rfe1 Bf7 21. Qb2 Kh6 22. Bxc6 bxc6 23. Rd3 g5 24. fxg5+ Kg6 25. Ne2 Bxc4 26. Nf4+ Kf7 27. g6+ 1-0

[Event "Dresden op"]
[Site "Dresden"]
[Date "1999.??.??"]
[Round "?"]
[White "Moise, Adrian"]
[Black "Polzin, Rainer"]
[Result "0-1"]
[WhiteElo "2240"]
[BlackElo "2475"]
[PlyCount "56"]
[EventDate "1999.07.15"]
[Source "www.chesslib.no"]
[SourceDate "2004.05.04"]

1. d4 Nf6 2. c4 g6 3. Nc3 Bg7 4. e4 d6 5. Be2 O-O 6. Be3 Na6 7. h3 e5 8. d5 c6 9. dxc6 bxc6 10. Nf3 Qe7 11. O-O Rb8 12. b3 Nc5 13. Bxc5 dxc5 14. Qc1 Nh5 15. Rd1 Nf4 16. Bf1 f5 17. g3 Ne6 18. Bg2 Nd4 19. Re1 f4 20. g4 h5 21. Nh2 hxg4 22. hxg4 f3 23. Bf1 Qh4 24. g5 Rf4 25. Nd1 Bd7 26. Ne3 Kf7 27. Bd3 Qxg5+ 28. Kh1 Rh8 0-1

[Event "Villa Ballester MAG"]
[Site "Villa Ballester ARG"]
[Date "1995.??.??"]
[Round "?"]
[White "Saldano, Horacio"]
[Black "Minzer, Claudio Javier"]
[Result "1/2-1/2"]
[WhiteElo "2325"]
[BlackElo "2385"]
[PlyCount "98"]
[EventDate "1995.??.??"]
[Source "www.chesslib.no"]
[SourceDate "2004.05.04"]

1. d4 Nf6 2. c4 g6 3. Nc3 Bg7 4. e4 d6 5. Be2 O-O 6. Be3 Na6 7. Nf3 e5 8. d5 Ng4 9. Bg5 f6 10. Bh4 c5 11. Nd2 Nh6 12. O-O Bd7 13. a3 Rf7 14. Rb1 Bf8 15. b4 Be7 16. f3 f5 17. Bf2 b6 18. bxc5 Nxc5 19. Nb3 Na4 20. Nxa4 Bxa4 21. Qd3 Bh4 22. Be3 Bg5 23. Nd2 Bc2 24. Bxg5 Bxd3 25. Bxd8 Bxe2 26. Rfe1 Bd3 27. Rb3 Bxc4 28. Rc3 Rxd8 29. Rxc4 Kg7 30. Rc6 Ng8 31. Rec1 Nf6 32. Nc4 Rfd7 33. Nd2 Kf7 34. Kf1 Ke7 35. a4 Rb7 36. Ke2 Kd7 37. Nc4 Ne8 38. Na3 a6 39. Rb1 Rdb8 40. Rb4 f4 41. Kd2 g5 42. Ke2 h5 43. h3 b5 44. Rxa6 Nc7 45. Ra5 bxa4 46. Rxb7 Rxb7 47. Rxa4 Rb2+ 48. Kf1 Ra2 49. Ra7 Ra1+ 1/2-1/2

[Event "CSR Ch"]
[Site "Bratislava SVK"]
[Date "1991.??.??"]
[Round "4"]
[White "Ruckschloss, Karol"]
[Black "Mrva, Martin"]
[Result "1/2-1/2"]
[WhiteElo "2315"]
[BlackElo "2390"]
[PlyCount "122"]
[EventDate "1991.??.??"]
[Source "www.chesslib.no"]
[SourceDate "2004.05.04"]

1. c4 Nf6 2. Nc3 g6 3. d4 Bg7 4. e4 d6 5. Be2 O-O 6. Be3 e5 7. d5 Na6 8. h4 Nc5 9. Qc2 a5 10. h5 gxh5 11. f3 Qe8 12. Nb5 Na6 13. a3 b6 14. Bd3 Kh8 15. Ne2 Rg8 16. Nec3 Bf8 17. O-O-O Rg6 18. Rh2 Bh6 19. Bxh6 Rxh6 20. g4 Rg6 21. gxh5 Rg5 22. Qd2 h6 23. f4 exf4 24. Qxf4 Nd7 25. Rf2 Ne5 26. Qf6+ Kh7 27. Bc2 Bg4 28. Rdf1 Qd8 29. Qf4 Bxh5 30. Rh1 Nc5 31. Qe3 Bg6 32. Qe2 Kg7 33. Nd4 Qe7 34. Kb1 Rh8 35. Nf5+ Bxf5 36. exf5 f6 37. Nb5 h5 38. Nd4 a4 39. Rfh2 Qe8 40. Ne6+ Nxe6 41. fxe6 Kf8 42. Rh4 Ke7 43. Ka2 Rg4 44. Bf5 Rxh4 45. Rxh4 Qg8 46. Rxh5 Rxh5 47. Qxh5 Nxc4 48. Qe2 b5 49. Bd3 Nb6 50. Qe4 c6 51. dxc6 Qxe6+ 52. Qxe6+ Kxe6 53. Bxb5 f5 54. c7 f4 55. Bxa4 f3 56. Bb5 d5 57. a4 Kd6 58. a5 Nc8 59. b4 Kxc7 60. Kb3 Nd6 61. Bd3 Ne4 1/2-1/2

[Event "Doha"]
[Site "Doha QAT"]
[Date "1993.??.??"]
[Round "4"]
[White "Al-Khateeb, Ahmed"]
[Black "Al-Modiahki, Mohamad"]
[Result "1/2-1/2"]
[WhiteElo "2300"]
[BlackElo "2405"]
[PlyCount "88"]
[EventDate "1993.08.??"]
[Source "www.chesslib.no"]
[SourceDate "2004.05.04"]

1. d4 Nf6 2. c4 g6 3. Nc3 Bg7 4. e4 d6 5. Be2 O-O 6. Be3 c5 7. d5 e6 8. Nf3 exd5 9. cxd5 b5 10. Bxb5 Nxe4 11. Nxe4 Qa5+ 12. Nc3 Bxc3+ 13. bxc3 Qxb5 14. Nd2 Qd3 15. c4 Na6 16. a3 Bf5 17. Qe2 Rab8 18. Qxd3 Bxd3 19. O-O-O Rb6 20. Bh6 Rfb8 21. Rhe1 Nc7 22. Re3 Bf5 23. Rde1 Rb2 24. Kd1 Ra2 25. Ke2 Ne8 26. f3 Nf6 27. h3 Rab2 28. Re7 R2b7 29. Kf2 a5 30. Rxb7 Rxb7 31. g4 Bd7 32. Re7 Bc6 33. Rxb7 Bxb7 34. Ke3 Ne8 35. Ne4 Ba6 36. Kd3 f5 37. gxf5 gxf5 38. Ng3 Bc8 39. Bd2 a4 40. Ne2 Bd7 41. Nc3 Kf7 42. Nb5 Ke7 43. Bg5+ Kf7 44. Nc3 Nc7 1/2-1/2